1948 1007 1354 1709 1373 1340 1266 1974 1596 1611 1054 1061 1601 1051 1243 1215 1049 1684 1955 1774 1790 1156 1067 1908 1640 1662 1479 1514 1603 1915 1210 1036 1353 1663 1112 1636 1550 1959 1923 1280 1384 1256 1667 1943 1335 1114 1989 1805 1871 1650 1904 1886 1077 1070 1709 1563 1293 1957 1590 1228 1757 1470 1494 1087 1744 1348 1022 1100 1077 1101 1523 1880 1484 1776 1735 1999 1347 1237 1745 1207 1062 1135 1789 1185 1407 1653 1951 1746 1368 1508 1526 1595 1976 1716 1157 1207 1477 1304 1578 BCNSPRNW ULIB Ver.6.0+V

เปลี่ยนเป็นภาษาไทย

Change to English
 แสดงรายละเอียดบรรณานุกรม
  กลับหน้าหลัก

Brief Record : Get Marc (ISO 2709) : E-mail record : QR code < ปิดหน้าต่าง
LEADER : 00000nas 2200000uu 4500
001    13399114550
003     ULIB
008    020711s|||| th a 000 0 tha d
022    ^a22290737
110    ^aสมาคมเวชศาสตร์ป้องกันแห่งประเทศไทย
245    ^aวารสารสมาคมเวชศาสตร์ป้องกันแห่งประเทศไทย /^cสมาคมเวชศาสตร์ป้องกันแห่งประเทศไทย
260    ^aพระนครศรีอยุธยา :^bสมาคมเวชศาสตร์ป้องกันแห่งประเทศไทย,^cม.ป.ป.
310    ^aรายสี่เดือน
850 ^a ULIB^bฉบับที่ 3 ปีที่ 1 ;ฉบับที่ 3 ปีที่ 1 ฉ.2 ;ฉบับที่ 2 ปีที่ 2 ;ฉบับที่ 3 ปีที่ 2 ;ฉบับที่ 2 ปีที่ 3 ;ฉบับที่ 1 ปีที่ 5 ฉ.1 ;ฉบับที่ 3 ปีที่ 5 ฉ.1 ;ฉบับที่ 6 ปีที่ 1 ฉ.1 ;ฉบับที่ 1 ปีที่ 7 ฉ.1
945    ^p0^l0^i900295
945    ^p0^l0^i900296
945    ^p0^l0^i901132
945    ^p0^l0^i901286
945    ^p0^l0^i901843
945    ^p0^l0^i903462
945    ^p0^l0^i904365
945    ^p0^l0^i904505
945    ^p0^l0^i904506
999    ^aวรรณษา ชูชัยมงคล
รายการนี้ยังไม่มีแท็ก
คุณยังไม่ได้ล็อกอิน คุณสามารถมีกิจกรรมร่วมกับเว็บไซต์ได้ แต่ต้องล็อกอินก่อน ::
  ล็อกอิน

รายการสื่อสารสนเทศ (วารสาร)

ดูแบบ: กล่อง รายการ
ARRIVED
ฉบับที่ 3 ปีที่ 1
สถานที่: ห้องสมุดวิทยาเขตสวรรค์ประชารักษ์ >วารสาร
ARRIVED
ฉบับที่ 2 ปีที่ 2
สถานที่: ห้องสมุดวิทยาเขตสวรรค์ประชารักษ์ >วารสาร
ARRIVED
ฉบับที่ 3 ปีที่ 2
สถานที่: ห้องสมุดวิทยาเขตสวรรค์ประชารักษ์ >วารสาร
ARRIVED
ฉบับที่ 2 ปีที่ 3
สถานที่: ห้องสมุดวิทยาเขตสวรรค์ประชารักษ์ >วารสาร
ARRIVED
ฉบับที่ 1 ปีที่ 5 ฉ.1
สถานที่: ห้องสมุดวิทยาเขตสวรรค์ประชารักษ์ >วารสาร
ARRIVED
ฉบับที่ 6 ปีที่ 1 ฉ.1
สถานที่: ห้องสมุดวิทยาเขตสวรรค์ประชารักษ์ >หนังสือพิมพ์
ARRIVED
ฉบับที่ 3 ปีที่ 5 ฉ.1
สถานที่: ห้องสมุดวิทยาเขตสวรรค์ประชารักษ์ >หนังสือพิมพ์
ARRIVED
ฉบับที่ 1 ปีที่ 7 ฉ.1
สถานที่: ห้องสมุดวิทยาเขตสวรรค์ประชารักษ์ >หนังสือพิมพ์
รายการใกล้เคียง
    ผู้แต่ง []

BibComment


ยังไม่เคยถูกคอมเมนท์

คอมเมนท์ทรัพยากรรายการนี้
  คอมเมนท์: วารสารสมาคมเวชศา..


 Copyright 2026. Bcnsprnw @Library